| 000 | 00472nam a22001697a 4500 | ||
|---|---|---|---|
| 003 | NUST - PNEC | ||
| 005 | 20170116181009.0 | ||
| 008 | 150912b xxu||||| |||| 00| 0 eng d | ||
| 020 | _a002388620X | ||
| 040 | _cLIBRARY | ||
| 082 | _a005.133 NYH | ||
| 100 |
_910002 _a Nyhoff, Larry R |
||
| 245 |
_a FORTRAN 77 for engineers and scientists _cLarry R Nyhoff |
||
| 260 | _cc.1985 | ||
| 650 |
_916797 _aComputer program language _yMIS - Computer Science |
||
| 942 |
_2ddc _cBK |
||
| 999 |
_c66998 _d66998 |
||